000 00311 a2200109 4500
001 ART_9618
005 20260410161837.0
008 260409a
245 1 0 _aEl problema dual
100 1 _aBonatti, Patricia
773 0 _tContabilidad y administración
_g- Año 5, Nº 54 (dic. 1981)
_wREV5485
999 _c23738
_d23738